Contrapunto a cuatro voces en los vientos de aire : pequeña antología de cuatro poetas rusos / [por] Anna Ajmátova... [et. al.] ; intr., vers. y comen. de Tatiana Bubnova

Uloženo v:
Podrobná bibliografie
Další autoři: I. Ajmátova, Anna (autor) (autor)
Médium: Kniha
Edice:Bitácora de poética ; 3
Témata:
Tagy: Přidat tag
Žádné tagy, Buďte první, kdo vytvoří štítek k tomuto záznamu!

MARC

LEADER 00000nam^a2200000^u^4500
001 000535024
005 20250521000000.0
008 060220s1000^^^^^^^^^^^^r^^^^^000^0^spa^d
009 20260310131008.482
035 |a FMI 000000377 
037 |a Acervo Xavier Clavigero 
096 |a 9.1.2/63/C 
245 0 0 |a Contrapunto a cuatro voces en los vientos de aire : pequeña antología de cuatro poetas rusos / [por] Anna Ajmátova... [et. al.] ; intr., vers. y comen. de Tatiana Bubnova 
264 |a México : UNAM, 1991 
300 |a 172 p. 
336 |a texto  |b txt  |2 rdacontenido 
337 |a sin mediación  |b n  |2 rdamedio 
338 |a volumen  |b nc  |2 rdasoporte 
440 0 |a Bitácora de poética ; 3 
649 |a XX 
650 |a POESIA 
700 |a I. Ajmátova, Anna  |e (autor) 
910 |a Fondo Francisco Migoya Covarrubias S.J. 
920 |a Impresos - Libros 
930 |a Fondos Especiales 
905 |a 134 
901 |a SBC16316  |b IT2  |c ESP  |u 20250521 
902 |a https://opac.biblio.iteso.mx/vufind/Record/000535024